| 000 | 00743nam a22001937a 4500 | ||
|---|---|---|---|
| 008 | 100325s2009 ii|||||r|||| 001 0 eng d | ||
| 020 | _a9788122421392 | ||
| 082 |
_222 _a621.3692 _bOPT |
||
| 100 |
_912895 _aAnuradha De |
||
| 245 |
_aOptical Fiber and Lasers: _bPrinciples and Applications/ _cAnuradha De |
||
| 250 | _a2nd ed. | ||
| 260 |
_aNew Delhi: _bNew Age International, 2009 _c2009 |
||
| 300 |
_a315 p.: _bill.; _c24 cm. |
||
| 504 | _aIncludes bibliographical references (p.291-293) and index | ||
| 650 |
_912240 _aFiber optics. |
||
| 650 |
_913120 _aOptical fibers |
||
| 942 |
_2ddc _cBB |
||
| 999 |
_c13783 _d13783 |
||